000 01641nam a2200169 4500
999 _c512851
_d512851
008 191223b ||||| |||| 00| 0 eng d
100 _aKroll, Alexander
_914797
245 _aMechanisms of social capital in organizations: How team cognition influences employee commitment and engagement
260 _bAmerican Review of Public Administration
300 _a49(7), Oct, 2019: p.777-791.
520 _aWhile previous research has shown that organizational social capital benefits organizations and creates performance gains, most of this work examined this relationship at the macro level based on organizational aggregates. In this article, we study organizational social capital effects at the micro level, that is, its impact on important work-related attitudes of employees within organizations. We argue that individual perceptions of organization-wide social capital matter in determining employee attitudes such as engagement and commitment. We also point to the critical role of team cognition in shaping individual perceptions of social capital in organizations. Using an organizationally representative sample of nearly 1,200 individuals from two local government organizations in North Carolina, we find support for the indirect effect of team cognition on employee work attitudes. The findings suggest that a promising way to increase the social capital of organizations is through interventions at the team level. - Reproduced.
650 _aSocial capital
_914798
700 _aDeHart-Davis, Leisha
_914799
773 _aAmerican Review of Public Administration
906 _aOrganizational behaviour
942 _2ddc
_cAR